书目信息 |
| 题名: |
空间、知识与权力
|
|
| 作者: | 米克莱普顿 , 埃尔顿 编著 ;莫伟民 , 周轩宇 译 | |
| 分册: | ||
| 出版信息: | 北京 商务印书馆 2021.01 |
|
| 页数: | 479页 | |
| 开本: | 23cm | |
| 丛书名: | ||
| 单 册: | ||
| 中图分类: | B565.59 , K90 | |
| 科图分类: | ||
| 主题词: | 地理学--di li xue--研究--法国--现代 | |
| 电子资源: | ||
| ISBN: | 978-7-100-19212-5 | |
| 000 | 01503nam0 2200373 450 | |
| 001 | CAL 0120217123102 | |
| 005 | 20210320112312.7 | |
| 010 | @a978-7-100-19212-5@dCNY98.00 | |
| 092 | @aCN@bRt968-0339 | |
| 100 | @a20210319d2021 em y0chiy0120 ea | |
| 101 | 1 | @achi@ceng |
| 102 | @aCN@b110000 | |
| 105 | @ay a 001yy | |
| 106 | @ar | |
| 200 | 1 | @a空间、知识与权力@Akong jian 、 zhi shi yu quan li@e福柯与地理学@d= Space, knowledge and power@eFoucault and geography@f(英) 杰里·米克莱普顿, 斯图亚特·埃尔顿编著@g莫伟民, 周轩宇译@zeng |
| 210 | @a北京@c商务印书馆@d2021.01 | |
| 215 | @a479页@d23cm | |
| 305 | @a根据阿什盖特出版社2014年平装本译出 | |
| 320 | @a有书目和索引 | |
| 330 | @a本书是一部研究福柯与地理学关系的论文集, 包括十几位作者的作品。福柯曾对地方、空间、城乡规划发表了大量论述, 并对地理学可形成了很大的影响, 但是并没有形成一本这方面的专著。 | |
| 500 | 10 | @aSpace, knowledge and power : Foucault and geography@mChinese |
| 517 | 1 | @a福柯与地理学@Afu ke yu di li xue |
| 600 | 1 | @a福柯@Afu ke@g(Foucault, Michel),@f1926-1984@x地理学@x研究 |
| 606 | 0 | @a地理学@Adi li xue@x研究@y法国@z现代 |
| 690 | @aB565.59@v5 | |
| 690 | @aK90@v5 | |
| 701 | 1 | @a米克莱普顿@Ami ke lai pu dun@g(Crampton, Jeremy W.)@4编著 |
| 701 | 1 | @a埃尔顿@Aai er dun@g(Elden, Stiart)@4编著 |
| 702 | 0 | @a莫伟民@Amo wei min@4译 |
| 702 | 0 | @a周轩宇@Azhou xuan yu@4译 |
| 801 | 0 | @aCN@b人天书店@c20210319 |
| 901 | @a商务印书馆出版社 | |
| 905 | @aTSG@b0001794@dB565.59@eF750@f1 | |
| 997 | @a期货 | |
| 空间、知识与权力:福柯与地理学= Space, knowledge and power:Foucault and geography/(英) 杰里·米克莱普顿, 斯图亚特·埃尔顿编著/莫伟民, 周轩宇译.-北京:商务印书馆,2021.01 |
| 479页;23cm |
| ISBN 978-7-100-19212-5:CNY98.00 |
| 本书是一部研究福柯与地理学关系的论文集, 包括十几位作者的作品。福柯曾对地方、空间、城乡规划发表了大量论述, 并对地理学可形成了很大的影响, 但是并没有形成一本这方面的专著。 |
| ● |
| 相关链接 |
|
|
|
正题名:空间、知识与权力
索取号:B565.59/F750
 
预约/预借
| 序号 | 登录号 | 条形码 | 馆藏地/架位号 | 状态 | 备注 |
| 1 | 1549412 | 215494123 | 社科库509/509社科库 19排1列6层/ [索取号:B565.59/F750] | 在馆 |